[Event "Senta-ch"]
[Site "Senta"]
[Date "2017.02.17"]
[Round "7"]
[White "Jankov, Danijel"]
[Black "Nagy, Attila"]
[Result "0-1"]
[WhiteElo "1574"]
[BlackElo "2179"]
[PlyCount "54"]
[EventDate "2017.01.20"]
[EventType "swiss"]
[EventRounds "9"]
[EventCountry "SRB"]
[SourceTitle "EXT 2018"]
[Source "ChessBase"]
[SourceDate "2017.10.13"]
[SourceVersion "1"]
[SourceVersionDate "2017.10.13"]
[SourceQuality "1"]

1. d4 Nf6 2. c4 g6 3. Nc3 c5 4. dxc5 Bg7 5. Bf4 Qa5 6. Qd2 Qxc5 7. e4 0-0 8. Nf3 d6 9. Be2 Nc6 10. 0-0 Bg4 11. Be3 Qa5 12. Rad1 Bxf3 13. Bxf3 Nd7 14. Be2 Nc5 15. Bh6 Bxc3 16. Qxc3 Qxc3 17. bxc3 Rfc8 18. f3 Na4 19. Rc1 Ne5 20. f4 Nxc4 21. f5 Ne5 22. fxg6 hxg6 23. Bd2 Rc7 24. Bd1 Nc5 25. Bf4 Ned3 26. Rb1 Nxe4 27. Bb3 Nxc3 0-1

[Event "Senta op 19th"]
[Site "Senta"]
[Date "2015.07.12"]
[Round "2"]
[White "Farkas, Sandor I"]
[Black "Jankov, Danijel"]
[Result "1-0"]
[WhiteElo "1863"]
[BlackElo "1471"]
[PlyCount "53"]
[EventDate "2015.07.11"]
[EventType "swiss"]
[EventRounds "9"]
[EventCountry "SRB"]
[SourceTitle "EXT 2016"]
[Source "ChessBase"]
[SourceDate "2015.10.08"]
[SourceVersion "1"]
[SourceVersionDate "2015.10.08"]
[SourceQuality "1"]

1. e4 c5 2. Nf3 d6 3. d4 cxd4 4. Nxd4 Nf6 5. Nc3 a6 6. Be3 g6 7. f3 Bg7 8. Qd2 Nc6 9. 0-0-0 0-0 10. g4 e6 11. h4 d5 12. exd5 Nxd5 13. Nxc6 Bxc3 14. Qxc3 Nxc3 15. Rxd8 Rxd8 16. Nxd8 Nxa2+ 17. Kb1 Nb4 18. c4 a5 19. Be2 Kf8 20. Bc5+ Ke8 21. Bxb4 axb4 22. Rd1 Rb8 23. c5 Bd7 24. Nxf7 Ba4 25. Nd6+ Ke7 26. Rd4 b6 27. Rxb4 1-0

[Event "SRB-ch U14"]
[Site "Vrbas"]
[Date "2015.04.14"]
[Round "8"]
[White "Grcic, Vukasin"]
[Black "Jankov, Danijel"]
[Result "1-0"]
[WhiteElo "1903"]
[BlackElo "1390"]
[PlyCount "57"]
[EventDate "2015.04.09"]
[EventType "swiss"]
[EventRounds "9"]
[EventCountry "SRB"]
[SourceTitle "EXT 2022"]
[Source "ChessBase"]
[SourceDate "2021.10.06"]
[SourceVersion "1"]
[SourceVersionDate "2021.10.06"]
[SourceQuality "1"]

1. e4 e6 2. d4 d5 3. e5 c5 4. c3 Nc6 5. Nf3 Qb6 6. Be2 cxd4 7. cxd4 Bb4+ 8. Nc3 Nge7 9. Bd3 Bd7 10. Be3 Rc8 11. 0-0 Na5 12. Ne2 Ng6 13. b3 0-0 14. h4 Bc3 15. Rc1 Bb4 16. h5 Ne7 17. Ng3 Rxc1 18. Bxc1 Rc8 19. Nh2 Bc3 20. Be3 Nac6 21. Ne2 Nb4 22. Bb1 Bb5 23. a3 Bxe2 24. Qxe2 Nbc6 25. Qd3 Bxd4 26. Qxh7+ Kf8 27. Qh8+ Ng8 28. Bh7 Nce7 29. h6 1-0

[Event "SRB-ch U14"]
[Site "Vrbas"]
[Date "2015.04.13"]
[Round "6"]
[White "Trajkovic, Mihailo"]
[Black "Jankov, Danijel"]
[Result "1-0"]
[WhiteElo "1575"]
[BlackElo "1390"]
[PlyCount "82"]
[EventDate "2015.04.09"]
[EventType "swiss"]
[EventRounds "9"]
[EventCountry "SRB"]
[SourceTitle "EXT 2022"]
[Source "ChessBase"]
[SourceDate "2021.10.06"]
[SourceVersion "1"]
[SourceVersionDate "2021.10.06"]
[SourceQuality "1"]

1. e4 c5 2. Nf3 d6 3. d4 cxd4 4. Nxd4 Nf6 5. Nc3 a6 6. h3 e5 7. Nb3 Be6 8. Be3 Be7 9. Qd2 Nbd7 10. 0-0-0 b5 11. g4 Nb6 12. Kb1 Rc8 13. Na5 Nc4 14. Bxc4 Bxc4 15. Nb7 Qc7 16. Nxd6+ Bxd6 17. Qxd6 Qxd6 18. Rxd6 b4 19. g5 Rd8 20. Rxd8+ Kxd8 21. gxf6 bxc3 22. fxg7 Rg8 23. Rg1 cxb2 24. Bc5 Kd7 25. Bf8 Be6 26. Rd1+ Kc6 27. Rd6+ Kb5 28. Rxe6 fxe6 29. Kxb2 Kc4 30. c3 a5 31. a4 Kd3 32. f3 Ke3 33. c4 Kxf3 34. c5 Kxe4 35. c6 Kf3 36. c7 e4 37. c8Q e3 38. Qxe6 e2 39. Qg4+ Ke3 40. Qg3+ Kd2 41. Qc3+ Kd1 1-0

[Event "SRB-ch U14"]
[Site "Vrbas"]
[Date "2015.04.12"]
[Round "5"]
[White "Demic, Aleksandar"]
[Black "Jankov, Danijel"]
[Result "1/2-1/2"]
[WhiteElo "1703"]
[BlackElo "1390"]
[PlyCount "127"]
[EventDate "2015.04.09"]
[EventType "swiss"]
[EventRounds "9"]
[EventCountry "SRB"]
[SourceTitle "EXT 2022"]
[Source "ChessBase"]
[SourceDate "2021.10.06"]
[SourceVersion "1"]
[SourceVersionDate "2021.10.06"]
[SourceQuality "1"]

1. e4 c5 2. Nf3 d6 3. d4 cxd4 4. Nxd4 Nf6 5. Nc3 a6 6. Bc4 e5 7. Nb3 b5 8. Bd5 Nxd5 9. Qxd5 Ra7 10. Be3 Be6 11. Qd3 Bc4 12. Qd2 Rb7 13. Rd1 Be7 14. Nd5 Bxd5 15. Qxd5 Qc7 16. 0-0 Nc6 17. c3 0-0 18. f4 Rd8 19. fxe5 Nxe5 20. Bd4 Bf6 21. Rf5 Rbb8 22. Rdf1 Qc4 23. Na5 Qxd5 24. exd5 Rd7 25. Nc6 Nxc6 26. dxc6 Bxd4+ 27. cxd4 Rc7 28. d5 Re8 29. Kf2 g6 30. Rf4 Re5 31. Rd4 Rce7 32. Rd2 Rf5+ 33. Kg1 Rfe5 34. Rc2 Rc7 35. Kf2 Rxd5 36. b4 Rf5+ 37. Kg1 Rxf1+ 38. Kxf1 Kg7 39. Ke2 Kf6 40. Kd3 Ke5 41. g4 Kd5 42. g5 Rxc6 43. Rf2 Rc7 44. Rf6 Re7 45. a3 Re5 46. Rxf7 Rxg5 47. Rxh7 Rh5 48. Rg7 Rh3+ 49. Kc2 Rxh2+ 50. Kc1 Rg2 51. Ra7 g5 52. Rxa6 g4 53. Rb6 g3 54. Rxb5+ Kc4 55. Rg5 Kc3 56. Kd1 Rd2+ 57. Ke1 g2 58. b5 Rb2 59. b6 Rxb6 60. Rxg2 Rb1+ 61. Kf2 Rb2+ 62. Kf3 Rb3 63. Ke4 Kc4 64. Rc2+ 1/2-1/2